000 00227nam a22000857a 4500
008 170606b xxu||||| |||| 00| 0 eng d
100 _93299
_aManokaran. J
245 _aI like the world
260 _aNew Delhi
_bNational Book Trust
_c2004
999 _c6616
_d6616